CLINICAL ORTHOPAEDIC REHABILITATION: a team appoach (Record no. 8373)

MARC details
000 -LEADER
fixed length control field 00485nam a22001817a 4500
005 - DATE AND TIME OF LATEST TRANSACTION
control field 20230817140912.0
008 - FIXED-LENGTH DATA ELEMENTS--GENERAL INFORMATION
fixed length control field 230817b |||||||| |||| 00| 0 eng d
020 ## - INTERNATIONAL STANDARD BOOK NUMBER
ISBN 978-0-323-39370-6
041 ## - LANGUAGE CODE
Language code of text/sound track or separate title eng
082 ## - DEWEY DECIMAL CLASSIFICATION NUMBER
Classification number 616.7
100 ## - MAIN ENTRY--AUTHOR NAME
Personal name GIANGARRA, CHARLES AND MANSKE, ROBERT. C
245 ## - TITLE STATEMENT
Title CLINICAL ORTHOPAEDIC REHABILITATION: a team appoach
250 ## - EDITION STATEMENT
Edition statement 4th ED., 2018
260 ## - PUBLICATION, DISTRIBUTION, ETC. (IMPRINT)
Place of publication PHILADELPHIA
Name of publisher ELSEVIER
Year of publication 2018
300 ## - PHYSICAL DESCRIPTION
Number of Pages 618;p
650 ## - SUBJECT ADDED ENTRY--TOPICAL TERM
Topical Term BPT
942 ## - ADDED ENTRY ELEMENTS (KOHA)
Koha item type Books

No items available.